000 00323pam a2200157a 44500
008 230515b2001 xxu||||| |||| 00| 0 eng d
020 _aNULL
041 _aENGLISH
082 _a630
100 _aKHARATE G K
245 _aANALOG CIRCUITS
250 _a0
260 _aN
_bN/A
_c2001
300 _a586
650 _aNULL
999 _c651208
_d651208